• 首页
  • 本馆介绍
  • 公告通知
  • 最新文献
  • 馆藏检索
  • 电子资源
  • 读者导购
  • 参考咨询
  • 我的图书馆
  • 登录
  • 详细信息显示
  • 放入我的书架
  • 预约/预借图书
  • 作者相关作品
  • 分类相关作品
  • 丛书相关作品
  • 出版社相关作品

书目信息

  • 表格格式
  • 工作单格式
  • 卡片格式
题名:
水藻和水草
    
 
作者: 吴继农 编著
分册:  
出版信息: 南京   江苏人民出版社  1958
页数: 78页
开本: 19cm
丛书名: 初级自学科学技术丛书
单 册:
中图分类: S682.32
科图分类:
主题词: 绿肥作物--水生绿肥 , 水生绿肥--绿肥作物 , 观赏园艺 , 花卉 , 园林树木
电子资源:
ISBN:
000 00771nam2 2200301 45 980
001 0632168260
005 20060816085632.60
010    @dCNY0.24
091    @a13100.45
100    @a19970509d1958 em y0chiy0121 ea
101 0  @achi
102    @aCN@b320000
105    @af z 000yy
106    @ar
200 10 @a水藻和水草@Ashui zao he shui cao@f吴继农编著
210    @a南京@c江苏人民出版社@d1958
215    @a78页@c图@d19cm
225 2  @a初级自学科学技术丛书
410  0 @1 20010@a初级自学科学技术丛书
606    @a绿肥作物--水生绿肥
606    @a水生绿肥--绿肥作物
606 0  @a观赏园艺
606 0  @a花卉
606 0  @a园林树木
690    @aS682.32@v3
701  0 @a吴继农@4编著@Awu ji nong
801 0  @c20060816
905    @a10447@dS682.32@e125
    
    水藻和水草/吴继农编著 .-南京:江苏人民出版社,1958
    78页:图;19cm .-(初级自学科学技术丛书 )
    
    
    ISBN :CNY0.24
    
●
相关链接 在E读中查询图书 在五车中查询图书 在当当中查询图书 在豆瓣中查询图书


正题名:水藻和水草     索取号:S682.32/125         预约/预借

序号 登录号 条形码 馆藏地/架位号 状态 备注
1 0458624   204586242   密集书库/ [索取号:S682.32/125] 在馆    
唐山师范学院图书馆 欢迎您!
大连网信软件有限公司© 版权所有